LIBRARY & INFORMATION CENTRE, KCAET, TAVANUR

ONLINE PUBLIC ACCESS CATALOGUE (OPAC)

Normal view MARC view
  • 620.82

Entry Topical Term

Number of records used in: 1

001 - CONTROL NUMBER

  • control field: 5414

003 - CONTROL NUMBER IDENTIFIER

  • control field: OSt

005 - DATE AND TIME OF LATEST TRANSACTION

  • control field: 20230505151440.0

008 - FIXED-LENGTH DATA ELEMENTS

  • fixed length control field: 230505|| aca||aabn | a|a d

040 ## - CATALOGING SOURCE

  • Original cataloging agency: OSt
  • Transcribing agency: OSt

150 ## - HEADING--TOPICAL TERM

  • Topical term or geographic name as entry element: 620.82

670 ## - SOURCE DATA FOUND

  • Source citation: Work cat.: (OSt)13316: Power machinery systems and ergonomics, safety and health , 2004.
free website counter